000 00900nmm a2200265 a 4500
001 ocm000701021
003 TR-IsHL
005 20201028125520.0
008 110704s1998 tu tur
007 cr cn
035 _a701021
_b(N$T)
050 0 4 _aKKX3406
_b.S67 1998
090 0 4 _aKKX3406
_b.S67 1998
245 1 0 _aSorularla dış ticaret mevzuatı rehberi
_h[electronic resource] /
_chaz. Namık Küçükkutlu
250 _a1. bs.
260 _aİstanbul :
_bİstanbul Ticaret Odası,
_c1998
300 _a108 p.
650 4 _aHukuk
650 4 _aLaw
650 0 _aDış ticaret yönetmeliği
_x Türkiye
650 0 _aForeign trade regulation
_x Turkey
650 7 _aPOLITICAL SCIENCE / International Relations / Trade & Tariffs
_2bisacsh
700 1 _aKüçükkutlu, Namık
856 4 0 _uhttp://search.ebscohost.com/login.aspx?direct=true&scope=site&db=e011xww&AN=701021
999 _c3522
_d3522